[Event "Quebec op U2000"]
[Site "Montreal"]
[Date "2016.07.24"]
[Round "3.10"]
[White "Cisse, Lamine"]
[Black "El Adraoui, Mourad"]
[Result "0-1"]
[WhiteElo "1898"]
[BlackElo "1768"]
[PlyCount "128"]
[EventDate "2016.07.23"]
[EventType "swiss"]
[EventRounds "8"]
[EventCountry "CAN"]
[SourceTitle "EXT 2022"]
[Source "ChessBase"]
[SourceDate "2021.10.06"]
[SourceVersion "1"]
[SourceVersionDate "2021.10.06"]
[SourceQuality "1"]

1. e4 c5 2. Nf3 Nc6 3. Bc4 Na5 4. Bd3 g6 5. 0-0 Bg7 6. c3 e6 7. Bc2 c4 8. Qe2 Ne7 9. b4 cxb3 10. axb3 Qb6 11. b4 Nac6 12. d4 d5 13. e5 a5 14. b5 Na7 15. Bd3 Bd7 16. Na3 Rc8 17. c4 Qd8 18. c5 0-0 19. b6 Nac6 20. Nb5 Nf5 21. g4 Nh4 22. g5 Nxf3+ 23. Qxf3 Nxe5 24. dxe5 Bxb5 25. Bxb5 Rxc5 26. Rb1 Bxe5 27. Ba3 Qxg5+ 28. Qg2 Qe7 29. Bxc5 Qxc5 30. Bd3 a4 31. Rfe1 Bg7 32. Rec1 Qd4 33. Qf3 a3 34. Rb5 Ra8 35. Bb1 a2 36. Bxa2 Rxa2 37. Rc7 f5 38. Rxb7 Be5 39. Ra7 Rxa7 40. bxa7 Qxa7 41. Qe2 Qc7 42. h3 Kf7 43. Qd2 Bf4 44. Qb4 Qd6 45. Rb7+ Kf6 46. Qd4+ Qe5 47. Qc5 Qd6 48. Qc8 h6 49. h4 Ke5 50. Rd7 Qa3 51. Rc7 Kd4 52. Rc2 Kd3 53. Rc6 e5 54. h5 gxh5 55. Qxf5+ Kd4 56. Qxh5 Qa1+ 57. Kg2 Qe1 58. Rd6 Qe4+ 59. Kf1 Kc3 60. Qh3+ Kd2 61. Rc6 d4 62. Ra6 Qe2+ 63. Kg2 Qxa6 64. Qb3 Qg6+ 0-1